00547nam a2200193 a 4500001001300000003000900013005001700022008004100039020002300080082001700103100002900120245005000149260004200199300000900241500003500250505001000285650002900295700002900324nice12345678IN_TiNIC20260116013745.0050524s1993 oxfa grp 000 0 eng  a019506 c43700a291.211bGUT aGuthrie, Stewart Elliott aFaces in Jthe Cloudsb New Theory of Religion aOxforsbOxford University Pressc1993 a290p aincludes index and biblioraphy2 aIndex aComparative Religion-God1 aGuthrie, Stewart Elliott